| 000 | 00719nam a2200229 a 4500 | ||
|---|---|---|---|
| 001 | 000042243 | ||
| 005 | 20201002040027.0 | ||
| 008 | 131120s1998 sp 000 f spa d | ||
| 020 | _a8440682328 | ||
| 040 |
_aDO-SdBNP _bspa _cBNPHU |
||
| 082 |
_a863.64 _bB276a |
||
| 100 | 1 |
_aBarrios, Nuria, _d1962- _969262 |
|
| 245 | 1 | 0 |
_aAmores patológicos / _cNuria Barrios. |
| 260 |
_aBarcelona : _bEdiciones B, _c1998. |
||
| 300 |
_a171 p. ; _c24 cm. |
||
| 490 | 1 | _aFiccionario | |
| 500 | _aIncluye datos biográficos de la autora en la solapa de la contracubierta. | ||
| 650 | 4 |
_aNovela española _91123 |
|
| 650 | 4 |
_aLiteratura española _9632 |
|
| 830 | 0 |
_aFiccionario _969263 |
|
| 910 | _aValidado. Control de calidad MFF | ||
| 999 |
_c41732 _d41732 |
||